000 00464nam a2200205Ia 4500
003 OSt
005 20220924153821.0
006 a|||||r|||| 00| 0
007 ta
008 220923b |||||||| |||| 00| 0 mal d
024 _a353869
037 _cTextual
040 _aARTS
_cARTS
_bmal
041 _2mal
_amal
082 _aO32wN, J2
245 0 _aOther language
260 _c1952
942 _hO32wN, J2
_cTEXL
_2CC
999 _c474876
_d474876